000 00459nam a2200169 i 4500
001 77990
003 ES-MaACL
005 20230906173505.0
007 t|
008 041008s1968 sp ||||1| spa d
100 1 _aZuloaga, I. G.
_9118462
245 1 0 _aHistoria de la Educación /
_cIsabel Gutiérrez Zuluaga.
250 _a[1ª ed.].
260 _aMadrid :
_bIter,
_c1968.
300 _a459 p., 12 lám. ;
_c23 cm.
852 _aES-MaACL
_jC-38133
_bR.75276
999 _c77990
_d77990